Every Country With At least 1 Medal In The Winter Olympics - Statistics

General Stats
  • This quiz has been taken 141 times
  • The average score is 39 of 45
Answer Stats
Gold Silver Bronze Total Nation % Correct
42 62 57 161 Finland
99%
118 111 100 329 Norway
99%
49 40 35 124 Russia
98%
50 40 54 144 Sweden
98%
96 102 84 282 United States
98%
59 78 81 218 Austria
97%
62 56 52 170 Canada
97%
12 22 19 53 China
96%
39 36 35 110 East Germany
96%
10 4 12 26 Great Britain
96%
10 17 18 45 Japan
96%
50 40 48 138 Switzerland
96%
78 78 53 209 Germany
95%
37 34 43 114 Italy
95%
37 38 35 110 Netherlands
95%
26 17 10 53 South Korea
95%
8 6 5 19 Unified Team of Germany
95%
11 15 13 39 West Germany
95%
31 31 47 109 France
94%
5 3 4 12 Australia
93%
1 0 1 2 Spain
93%
6 7 7 20 Poland
91%
1 1 3 5 Belgium
90%
0 1 0 1 Denmark
90%
2 2 1 5 Slovakia
89%
2 1 4 7 Ukraine
89%
6 4 5 15 Belarus
88%
4 2 1 7 Estonia
88%
0 2 4 6 Hungary
88%
0 4 3 7 Latvia
88%
0 0 1 1 Romania
88%
2 4 9 15 Slovenia
88%
7 9 8 24 Czech Republic
87%
0 1 0 1 New Zealand
87%
1 2 3 6 Bulgaria
85%
4 6 1 11 Croatia
85%
0 2 0 2 Luxembourg
78%
0 1 1 2 North Korea
78%
0 3 1 4 Yugoslavia
77%
78 57 59 194 Soviet Union
72%
2 8 15 25 Czechoslovakia
71%
2 2 5 9 Liechtenstein
70%
1 3 3 7 Kazakhstan
67%
1 0 0 1 Uzbekistan
60%
9 6 8 23 Unified Team
23%
No matching quizzes found
Score Distribution
Percent of People with Each Score
Percentile by Number Answered
Your Score History
You have not taken this quiz